[Event "GER-ch blitz"]
[Site "Magdeburg"]
[Date "2019.05.25"]
[Round "24"]
[White "Braeuer, Franz"]
[Black "Ehmann, Thilo"]
[Result "1-0"]
[WhiteElo "2445"]
[BlackElo "2291"]
[PlyCount "59"]
[EventDate "2019.05.25"]
[EventType "tourn (blitz)"]
[EventRounds "29"]
[EventCountry "GER"]
[SourceTitle "CBM 190 Extra"]
[Source "ChessBase"]
[SourceDate "2019.07.15"]
[SourceVersion "1"]
[SourceVersionDate "2019.07.15"]
[SourceQuality "1"]

1. e4 e5 2. Nf3 Nc6 3. d4 exd4 4. Nxd4 Bc5 5. Nb3 Bb6 6. Nc3 Qf6 7. Qe2 Nge7 8. h4 0-0 9. Bg5 Qg6 10. 0-0-0 a5 11. a3 a4 12. Nd2 Nd4 13. Qd3 d5 14. Bxe7 dxe4 15. Ndxe4 Re8 16. Bc5 Bf5 17. Bxb6 Nxc2 18. Qxc2 Qxb6 19. Bd3 Be6 20. Qe2 Bb3 21. Rd2 f5 22. Bc4+ Kh8 23. Bxb3 Qxb3 24. Nc5 Qb6 25. Qc4 Qc6 26. Qd5 Qg6 27. Rhd1 b6 28. Nd7 Rad8 29. Ne5 Qf6 30. Qxd8 1-0

[Event "GER-ch blitz"]
[Site "Magdeburg"]
[Date "2019.05.25"]
[Round "14"]
[White "Braeuer, Franz"]
[Black "Heistermann, Till"]
[Result "1-0"]
[WhiteElo "2445"]
[BlackElo "2181"]
[PlyCount "140"]
[EventDate "2019.05.25"]
[EventType "tourn (blitz)"]
[EventRounds "29"]
[EventCountry "GER"]
[SourceTitle "CBM 190 Extra"]
[Source "ChessBase"]
[SourceDate "2019.07.15"]
[SourceVersion "1"]
[SourceVersionDate "2019.07.15"]
[SourceQuality "1"]

1. e4 d6 2. d4 e5 3. Nf3 exd4 4. Nxd4 Nf6 5. Nc3 Be7 6. g3 0-0 7. Bg2 Nc6 8. Nde2 Re8 9. 0-0 Bf8 10. h3 Be6 11. b3 Nd7 12. Bb2 Nc5 13. Qd2 a6 14. Rad1 Qc8 15. Nf4 Ne5 16. Nxe6 fxe6 17. f4 Nc6 18. Ne2 a5 19. a4 Qd8 20. Kh2 Qe7 21. Rfe1 Rad8 22. Qe3 Nb4 23. Rd2 c6 24. Nd4 Qf7 25. Nf3 Be7 26. Bd4 Nba6 27. Rf1 Nd7 28. Bc3 b6 29. Nd4 Rc8 30. Rdf2 d5 31. Nf3 c5 32. exd5 exd5 33. Qd3 Nc7 34. Ne5 Nxe5 35. Bxe5 d4 36. Re2 Nd5 37. Bxd5 Qxd5 38. Rfe1 Bf8 39. Qc4 Qxc4 40. bxc4 Kf7 41. Rb1 Rc6 42. Kg2 Ree6 43. Kf3 Bd6 44. Bxd6 Rxe2 45. Kxe2 Rxd6 46. f5 Kf6 47. g4 h6 48. Kf3 g6 49. Kf4 gxf5 50. gxf5 h5 51. Rg1 Kf7 52. Rg5 d3 53. cxd3 Rxd3 54. Rxh5 Rd4+ 55. Ke5 Rxc4 56. Rh7+ Kg8 57. Rb7 Rh4 58. Rxb6 Rxh3 59. Rb5 Ra3 60. Rxa5 Kf7 61. Ra7+ Kf8 62. Kf6 Ke8 63. a5 c4 64. Ra8+ Kd7 65. Ra7+ Ke8 66. Rc7 Rxa5 67. Rxc4 Ra6+ 68. Kg7 Ra7+ 69. Kg6 Ra6+ 70. f6 Rb6 1-0

[Event "GER-ch blitz"]
[Site "Magdeburg"]
[Date "2019.05.25"]
[Round "12"]
[White "Braeuer, Franz"]
[Black "Wichmann, Cliff"]
[Result "1/2-1/2"]
[WhiteElo "2445"]
[BlackElo "2280"]
[PlyCount "23"]
[EventDate "2019.05.25"]
[EventType "tourn (blitz)"]
[EventRounds "29"]
[EventCountry "GER"]
[SourceTitle "CBM 190 Extra"]
[Source "ChessBase"]
[SourceDate "2019.07.15"]
[SourceVersion "1"]
[SourceVersionDate "2019.07.15"]
[SourceQuality "1"]

1. e4 e6 2. d4 d5 3. Nd2 Nf6 4. e5 Nfd7 5. Bd3 c5 6. c3 Nc6 7. Ne2 cxd4 8. cxd4 f6 9. exf6 Nxf6 10. 0-0 Bd6 11. Nf3 Qc7 12. Nc3 1/2-1/2

[Event "GER-ch blitz"]
[Site "Magdeburg"]
[Date "2019.05.25"]
[Round "25"]
[White "Buhmann, Rainer"]
[Black "Braeuer, Franz"]
[Result "0-1"]
[WhiteElo "2573"]
[BlackElo "2445"]
[PlyCount "154"]
[EventDate "2019.05.25"]
[EventType "tourn (blitz)"]
[EventRounds "29"]
[EventCountry "GER"]
[SourceTitle "CBM 190 Extra"]
[Source "ChessBase"]
[SourceDate "2019.07.15"]
[SourceVersion "1"]
[SourceVersionDate "2019.07.15"]
[SourceQuality "1"]

1. d4 Nf6 2. c4 e6 3. Nf3 d5 4. Nc3 dxc4 5. e4 b5 6. e5 Nd5 7. Nxb5 Nb6 8. Be2 Bb7 9. 0-0 Nc6 10. Qd2 Be7 11. Qf4 0-0 12. Rd1 Nb4 13. Qg4 Kh8 14. Nc3 Rb8 15. Ne4 Nd3 16. Bxd3 cxd3 17. Rxd3 c5 18. Nd6 c4 19. Rd1 Bd5 20. Ng5 Bxd6 21. exd6 h6 22. Nf3 Na4 23. Qh5 Kh7 24. Ng5+ Kg8 25. Nh3 Nxb2 26. Bxb2 Rxb2 27. Qe5 Rb6 28. Nf4 Qxd6 29. Nxd5 Qxd5 30. Rac1 Rc8 31. Rc3 Qxe5 32. dxe5 Rb5 33. f4 Rb7 34. Rd2 Kf8 35. Kf2 Ke7 36. Ke3 Rc5 37. Rdc2 Rbc7 38. Kd4 Rd5+ 39. Ke3 Ra5 40. Kd4 Ra4 41. Rxc4 Rcxc4+ 42. Rxc4 Rxa2 43. Rc7+ Ke8 44. Rc8+ Kd7 45. Rg8 Rxg2 46. Ra8 Ra2 47. h4 h5 48. Rf8 Ke7 49. Rb8 g6 50. Rb7+ Kf8 51. Rb8+ Kg7 52. Ra8 Ra4+ 53. Ke3 a5 54. Kf3 Ra3+ 55. Kg2 a4 56. Ra7 Ra2+ 57. Kg3 a3 58. Ra8 Ra1 59. Kg2 a2 60. Ra7 Kf8 61. Ra8+ Ke7 62. Ra7+ Kd8 63. Ra8+ Kc7 64. Ra3 Kc6 65. Ra7 Kd5 66. Ra4 Kc5 67. Kh2 Kb5 68. Ra7 Kc4 69. Kg2 Kc3 70. Rc7+ Kd3 71. Ra7 Rd1 72. Rxa2 Rd2+ 73. Rxd2+ Kxd2 74. Kf2 Kd3 75. Kf3 Kd4 76. Kf2 Ke4 77. Kg3 Ke3 0-1